[Event "Petrosian Memorial - Tashir 2014"]
[Site "Moscú RUS"]
[Date "2014.11.10"]
[Round "6.4"]
[White "Aronian, Levon"]
[Black "Grischuk, Alexander"]
[Result "1/2-1/2"]
[WhiteElo "2797"]
[BlackElo "2795"]
[PlyCount "65"]
[EventDate "2014.11.04"]
[EventType "tourn"]
[EventRounds "7"]
[EventCountry "RUS"]
[EventCategory "20"]
[Source "lmi"]
[SourceDate "2014.11.04"]

1. d4 Nf6 2. c4 g6 3. Nc3 d5 4. Nf3 Bg7 5. cxd5 Nxd5 6. e4 Nxc3 7. bxc3 c5 8.
Be3 Qa5 9. Nd2 O-O 10. Rc1 cxd4 11. Nc4 Qxa2 12. cxd4 Qa6 13. Be2 Qe6 14. Qd3
f5 15. O-O Qxe4 16. Qa3 Nc6 17. Nd2 Qh4 18. Nf3 Qf6 19. d5 Ne5 20. Rfd1 Nxf3+
21. Bxf3 Re8 22. Rc7 Qd6 23. Qa4 Rd8 24. Bf4 Bd7 25. Qc4 Be5 26. Bxe5 Qxe5 27.
Rxb7 Qd6 28. g3 Rab8 29. Rxa7 Ra8 30. Rb7 Rab8 31. Ra7 Ra8 32. Rb7 Rab8 33. Ra7
1/2-1/2

[Event "Petrosian Memorial - Tashir 2014"]
[Site "Moscú RUS"]
[Date "2014.11.11"]
[Round "7.1"]
[White "Grischuk, Alexander"]
[Black "Kramnik, Vladimir"]
[Result "1/2-1/2"]
[WhiteElo "2795"]
[BlackElo "2760"]
[PlyCount "28"]
[EventDate "2014.11.04"]
[EventType "tourn"]
[EventRounds "7"]
[EventCountry "RUS"]
[EventCategory "20"]
[Source "lmi"]
[SourceDate "2014.11.04"]

1. d4 Nf6 2. c4 e6 3. Nf3 d5 4. g3 dxc4 5. Bg2 c6 6. Ne5 Bb4+ 7. Bd2 Qxd4 8.
Bxb4 Qxe5 9. Na3 b5 10. Bc3 Qc5 11. Bd4 Qb4+ 12. Bc3 Qc5 13. Bd4 Qb4+ 14. Bc3
Qc5 1/2-1/2

[Event "Petrosian Memorial - Tashir 2014"]
[Site "Moscú RUS"]
[Date "2014.11.11"]
[Round "7.2"]
[White "Inarkiev, Ernesto"]
[Black "Aronian, Levon"]
[Result "0-1"]
[WhiteElo "2688"]
[BlackElo "2797"]
[PlyCount "130"]
[EventDate "2014.11.04"]
[EventType "tourn"]
[EventRounds "7"]
[EventCountry "RUS"]
[EventCategory "20"]
[Source "lmi"]
[SourceDate "2014.11.04"]

1. e4 e5 2. Nf3 Nc6 3. Bb5 Nf6 4. d3 Bc5 5. c3 O-O 6. O-O Re8 7. Bg5 h6 8. Bh4
Be7 9. Re1 d6 10. Nbd2 g5 11. Bg3 g4 12. Nh4 Nxe4 13. Nxe4 Bxh4 14. Bxh4 Qxh4
15. d4 f5 16. Ng3 f4 17. Qd3 Kg7 18. d5 fxg3 19. hxg3 Qg5 20. dxc6 Bf5 21. Qe3
b6 22. Qxg5+ hxg5 23. Rad1 Rh8 24. Bc4 a5 25. b3 Rh6 26. Bd5 Rah8 27. Kf1 Bc2
28. Rd2 Rh1+ 29. Ke2 Rxe1+ 30. Kxe1 Rh1+ 31. Ke2 Rc1 32. c4 a4 33. bxa4 Bxa4
34. Rb2 Kf6 35. Kd2 Rd1+ 36. Ke2 Rd4 37. Rd2 b5 38. Ke3 Rxd2 39. Kxd2 bxc4 40.
f3 Kf5 41. Kc3 gxf3 42. gxf3 g4 43. Be4+ Kg5 44. Kxc4 Bd1 45. Kd3 Bxf3 46. a4
d5 47. Bxf3 gxf3 48. a5 e4+ 49. Kd2 d4 50. a6 e3+ 51. Kc2 f2 52. a7 f1=Q 53.
a8=Q Qc4+ 54. Kb2 e2 55. Qd8+ Kg4 56. Qh4+ Kf3 57. Qf4+ Kg2 58. Qe4+ Kg1 59.
Qb1+ Kf2 60. Qf5+ Ke1 61. Qg6 Kd1 62. Qg4 Qc3+ 63. Ka2 Kc1 64. Qxe2 Qc2+ 65.
Qxc2+ Kxc2 0-1

[Event "Petrosian Memorial - Tashir 2014"]
[Site "Moscú RUS"]
[Date "2014.11.11"]
[Round "7.4"]
[White "Morozevich, Alexander"]
[Black "Ding, Liren"]
[Result "1/2-1/2"]
[WhiteElo "2724"]
[BlackElo "2730"]
[PlyCount "66"]
[EventDate "2014.11.04"]
[EventType "tourn"]
[EventRounds "7"]
[EventCountry "RUS"]
[EventCategory "20"]
[Source "lmi"]
[SourceDate "2014.11.04"]

1. e4 c6 2. d4 d5 3. e5 Bf5 4. h4 h5 5. Bd3 Bxd3 6. Qxd3 e6 7. Bg5 Qd7 8. Nf3
c5 9. dxc5 Bxc5 10. O-O Ne7 11. c4 Nbc6 12. Nc3 Nb4 13. Qe2 dxc4 14. Qxc4 Rc8
15. Qb3 O-O 16. Rad1 Qc6 17. Nd4 Qa6 18. Ne4 Nbd5 19. Qg3 Bxd4 20. Bxe7 Bxe5
21. Qxe5 Nxe7 22. Qxh5 Nd5 23. Qe5 Rc4 24. Rfe1 Qc6 25. h5 Qc7 26. Nd6 Rc6 27.
h6 gxh6 28. Qg3+ Kh7 29. Qd3+ Kh8 30. Qh3 Kh7 31. Qd3+ Kh8 32. Qh3 Kh7 33. Qd3+
Kh8 1/2-1/2